000 00776nam a2200229Ia 4500
001 15753
003 GE_BSU
008 181216s||||||||xx |||||||||||||| ||und||
040 _cGE_BSU
080 _a821.353.1-1+821.353.1-11
100 _aხალვაში, ფრიდონ
245 _aთხზულებანი 3 ტომად. ტ.1
245 _bლექსები, პოემები
245 _cრედ.ლ.ნანიტაშვილი. მხატვ.თ.შარიფაშვილი
260 _aთბილისი
260 _bსაქართველო
260 _c2000
300 _a392გვ.1ფ.პორტრ.
541 _h15ლ.
653 _aლექსები, პოემები
942 _cBK
999 _c48851
_d48851